| 000 | 00480nam a2200169Ia 4500 | ||
|---|---|---|---|
| 003 | LK-CoDNM | ||
| 008 | 010623t xxu||||| |||| 00| 1 sin d | ||
| 040 |
_aLK-CoDNM _dLK-CoDNM _eLK-CoDNM |
||
| 041 | _asin | ||
| 080 | _a301 DAL | ||
| 100 | _aDalupota,Mahinda Kumara. | ||
| 245 | _aඅවූරුදු වගතුග උරුමය පහ | ||
| 246 | _aAurudu Wagathuga,Urumaya 5 | ||
| 260 |
_bS.Godage _aColombo |
||
| 300 | _b40p., 21 100: 955-20-5636-5 cm | ||
| 942 | _cBK | ||
| 999 |
_c137291 _d137291 |
||